000 00797nam a22002057a 4500
999 _c12139
_d12139
003 AR-CdUCM
008 190405b ||||| |||| 00| 0 spa d
040 _aMUNICIPALIDAD PROVINCIAL DEL CUSCO
_cBIBLIOTECA MUNICIPAL DEL CUSCO
082 _23 ed.
_a341 /
_bS55
100 _aSilva Santisteban, José
_920605
245 _aDerecho natural o filosofía del derecho /
260 _aLima :
_bCrete e hijos,
300 _a252 páginas
_c18 cm.
505 _aContenido : Introducción -- Reseña histórica del desenvolvimiento de la idea del derecho -- Exposición y exámenes de las principales escuelas -- Deducción de la noción de derecho ...
650 _aDerecho
_9739
650 _aFilosofía
_9395
650 _aDerecho natural
_91768
942 _2ddc
_cLIBROS
945 _arah
_d05/04/2019